[Event "Hoogovens-B"]
[Site "Wijk aan Zee"]
[Date "1999.01.25"]
[Round "6"]
[White "Leitao, Rafael Duailibe"]
[Black "Bauer, Christian"]
[Result "1/2-1/2"]
[WhiteElo "2545"]
[BlackElo "2528"]
[Annotator "Hecht,H"]
[PlyCount "121"]
[EventDate "1999.01.19"]
[EventType "tourn"]
[EventRounds "11"]
[EventCountry "NED"]
[EventCategory "11"]
[SourceTitle "CBM 069"]
[Source "ChessBase"]
[SourceDate "1999.04.01"]
[SourceVersion "1"]
[SourceVersionDate "1999.04.01"]
[SourceQuality "1"]

1. d4 d5 2. c4 dxc4 3. e3 e5 4. Bxc4 exd4 5. exd4 Nf6 6. Nf3 Bd6 7. O-O O-O 8.
h3 Nc6 9. Nc3 h6 10. Qc2 Na5 11. Bd3 Re8 12. Bd2 Nc6 13. a3 Be6 14. Rfe1 Qd7
15. Rxe6 fxe6 16. Re1 Ne7 17. Bc4 Ned5 18. Ba2 Rad8 19. Bb1 Qf7 20. Ne5 Bxe5
21. dxe5 Nxc3 22. bxc3 Rxd2 23. Qxd2 Nd7 24. Qd4 b6 25. Qd3 Nf8 26. Re4 Qe7 27.
a4 c5 28. Re3 Rd8 29. Qe4 Rd2 30. Rf3 Qd8 31. Kh2 Rd7 32. Bd3 Rf7 33. Rxf7 Kxf7
34. Bc4 Qc7 35. f4 Ke7 36. Bb5 Qc8 37. Qf3 Kf7 38. Qh5+ Kg8 39. Bc4 Qc7 40. Kg3
Qf7 41. Qxf7+ Kxf7 {[#] Die weißen Vorteile: die bessere Leichtfigur,
Raumvorteil und aktiverer König, bewegliche Mehrheit am Königsflügel.} 42. f5
$5 {Das kompaktere Vorgehen mit f5 nach vorherigem g4 bot deutlich bessere
Perspektiven. Man sehe:} (42. Kf3 Ke7 (42... h5 43. f5 Ke7 44. g4 hxg4+ 45.
hxg4 $16) 43. g4 g6 (43... Ng6 44. Ke4 {[%cal Rc4e6]} Nf8 45. f5 $16) 44. Ke4
Nd7 (44... Kd7 45. f5 g5 46. fxe6+ Nxe6 47. Kf5 Nf4 48. h4 Ng2 49. Bb5+ $18)
45. f5 gxf5+ 46. gxf5 exf5+ 47. Kxf5 Nb8 48. Bb5 a6 49. Bc4 $18) 42... Ke7 43.
Kf4 exf5 44. Kxf5 Kd7 45. h4 Ke7 46. g3 Kd7 {Durch die Isolierung des weißen
e-Bauern hat sich Schwarz eine festungsähnliche Stellung aufgebaut. Weiß
gelingt kein Einbruch. Bitte prüfen.} 47. Ke4 $6 {Weiß bot sich noch diese
Chance:} (47. e6+ Kd6 (47... Ke7 48. Ke5 Ng6+ (48... a6 49. Kd5 b5 50. axb5
axb5 51. Bxb5 Nxe6 52. Kc6 $16) 49. Kd5 Nf8 50. Kc6 Nxe6 51. Kb7 $18) 48. g4
Ke7 49. Ke5 Ng6+ (49... a6 50. h5 b5 51. axb5 axb5 52. Bxb5 Nxe6 53. Kd5 $18)
50. Kd5 Nxh4 51. Kc6 Nf3 52. Kb7 $16 {oder +-}) 47... Ng6 48. h5 Ne7 49. g4 Kc6
50. Bb5+ Kc7 51. c4 Kd8 52. e6 Kc8 53. Ke5 Kc7 54. Be8 a6 55. Bd7 Ng8 56. g5
hxg5 57. Kf5 g4 58. Kxg4 Kd6 59. Bc8 Ne7 60. Bxa6 Kxe6 61. Kf4 1/2-1/2

[Event "Rishon Le Ziyyon"]
[Site "Rishon Le Ziyyon"]
[Date "1996.??.??"]
[Round "2"]
[White "Greenfeld, Alon"]
[Black "Kosashvili, Yona"]
[Result "1/2-1/2"]
[WhiteElo "2560"]
[BlackElo "2580"]
[Annotator "Hecht,H"]
[PlyCount "152"]
[EventDate "1996.02.??"]
[EventType "tourn"]
[EventRounds "9"]
[EventCountry "ISR"]
[EventCategory "13"]
[SourceTitle "CBM 053"]
[Source "ChessBase"]
[SourceDate "1996.08.01"]
[SourceVersion "1"]
[SourceVersionDate "1996.08.01"]
[SourceQuality "1"]

1. d4 d5 2. c4 dxc4 3. e3 e5 4. Bxc4 exd4 5. exd4 Nf6 6. Nf3 Be7 7. O-O O-O 8.
h3 Nbd7 9. Nc3 Nb6 10. Bb3 Nbd5 11. Re1 c6 12. Bg5 Be6 13. Bc2 Qa5 14. Nxd5
cxd5 15. Qd3 g6 16. Ne5 Bf5 17. Qf3 Bxc2 18. Bxf6 Bxf6 19. Qxf6 Qd8 20. Qf4 Bf5
21. Rac1 Rc8 22. Rxc8 Bxc8 23. Rc1 Be6 24. Nf3 f6 25. Nd2 g5 26. Qf3 Qd6 27.
Nf1 Qb6 28. Re1 Bf7 29. Re7 Qxd4 30. Rxb7 Rc8 31. Ne3 Qe5 32. g3 h5 33. Nf5 Rc7
34. Nh6+ Kg7 35. Nf5+ Kg6 36. Rxc7 Qxc7 37. Qd3 Qc4 38. Ne7+ Kg7 39. Qxc4 dxc4
{[#] gute Zusammenarbeit des guten s Defensiv-L + aktivem K, w B-Schwächen} 40.
a3 Be6 41. h4 gxh4 42. gxh4 Kf7 43. Nc6 Bd7 44. Nd4 Ke7 45. Kf1 Kd6 46. Ke2 Kd5
47. Ke3 c3 48. bxc3 Kc4 49. Kd2 a5 50. Kc2 Ba4+ 51. Kd2 Be8 52. Kc2 Bg6+ 53.
Kd2 a4 54. f4 Bb1 55. f5 Be4 56. Ke3 Bg2 57. Kd2 Bh3 58. Kc2 Bf1 59. Kd2 Kd5
60. Ne6 Kc4 61. Nd4 Bg2 62. Kc2 Be4+ 63. Kd2 Kd5 64. Ke3 Bb1 65. Kd2 Ke4 66.
Ne2 Kxf5 67. c4 Kg4 68. Ke3 Bf5 69. c5 Bd7 70. Nd4 f5 71. c6 f4+ 72. Kf2 Bc8
73. Ne2 Kf5 74. Kf3 Ke5 75. Nxf4 Bg4+ 76. Ke3 Kd6 1/2-1/2

[Event "Petrov Memorial op"]
[Site "St Petersburg"]
[Date "1996.??.??"]
[Round "9"]
[White "Yuferov, Sergey N"]
[Black "Ibragimov, Ildar"]
[Result "1/2-1/2"]
[WhiteElo "2440"]
[BlackElo "2575"]
[Annotator "Hecht,H"]
[PlyCount "199"]
[EventDate "1996.02.??"]
[EventType "swiss"]
[EventRounds "9"]
[EventCountry "RUS"]
[SourceTitle "CBM 052"]
[Source "ChessBase"]
[SourceDate "1996.06.01"]
[SourceVersion "1"]
[SourceVersionDate "1996.06.01"]
[SourceQuality "1"]

1. d4 d5 2. c4 dxc4 3. e4 e5 4. Nf3 exd4 5. Bxc4 Nc6 6. O-O Be6 7. Bb5 Bc5 8.
b4 Bb6 9. Bb2 Qd6 10. a4 Nge7 11. a5 Qxb4 12. Qe2 d3 13. Bxd3 Nd4 14. Bxd4 Bxd4
15. Ra4 Bxf2+ 16. Rxf2 Qc5 17. Qc2 Qe3 18. Ra3 O-O 19. Bf1 Qf4 20. g3 Qf6 21.
Qxc7 Rac8 22. Qf4 Qxf4 23. gxf4 Rc1 24. Nbd2 f5 25. Ng5 Bd7 26. e5 h6 27. Ngf3
Be6 28. Nd4 Bd5 29. Rg3 Rfc8 30. h4 Rd1 31. Kh2 Rcc1 32. Rg1 Ra1 33. N4b3 Ra2
34. Bc4 Bxc4 35. Rxd1 Bxb3 36. Rg1 Bd5 37. Kg3 Rxa5 38. h5 Ra3+ 39. Kh2 a5 40.
Rb1 a4 41. Nf1 Rc3 42. Ng3 a3 43. Rd2 a2 44. Ra1 b5 45. Nxf5 Nxf5 46. Rxd5 Rc2+
47. Kh3 b4 48. e6 b3 49. Rb5 Rc3+ 50. Kh2 Nd4 51. Rb8+ Kh7 52. e7 Re3 53. e8=Q
Rxe8 54. Rxe8 b2 55. Rxa2 b1=Q 56. Raa8 Qc2+ 57. Kg3 Qc3+ 58. Kh2 Qd2+ 59. Kh3
Qd3+ 60. Kh2 Nf3+ 61. Kg2 Ne1+ 62. Kf2 Qd2+ 63. Kf1 Qxf4+ 64. Kxe1 {TT-D: 2
verbundene Freibauern , aktive weiße Türme, Pattfinale!} Qh4+ 65. Kf1 Qxh5 66.
Rh8+ Kg6 67. Ra6+ Kf7 68. Ra7+ Ke6 69. Ra6+ (69. Rxg7 Qb5+ 70. Kg1 Qb1+ 71. Kh2
Qb2+ $19) 69... Kd7 70. Ra7+ Kc6 71. Rc8+ Kb6 72. Raa8 Qf3+ 73. Kg1 Qg3+ 74.
Kh1 Kb7 75. Rg8 h5 76. Raf8 Kc6 77. Rf1 Qh3+ 78. Kg1 Qe3+ 79. Kh2 Qe5+ 80. Kg1
Qc5+ 81. Rf2 Qd4 82. Rc8+ Kd7 83. Rcc2 Qe3 84. Rce2 Qg5+ 85. Kf1 h4 86. Rd2+
Ke6 87. Rg2 Qb5+ 88. Kg1 g5 89. Rgf2 Ke5 90. Rde2+ Kd4 91. Re1 Qb4 92. Rd1+ Ke3
93. Rff1 Qg4+ 94. Kh1 Qh3+ 95. Kg1 Qg3+ 96. Kh1 Ke2 97. Ra1 h3 $2 (97... Qc3 $5
) (97... Qb3 $5) 98. Ra2+ $1 Kxf1 99. Rf2+ Ke1 100. Re2+ 1/2-1/2

[Event "EU-Cup 19th"]
[Site "Rethymno"]
[Date "2003.10.02"]
[Round "5.5"]
[White "Georgiev, Kiril"]
[Black "Schulz, Klaus Juergen"]
[Result "1-0"]
[WhiteElo "2637"]
[BlackElo "2380"]
[Annotator "Hecht,H"]
[PlyCount "105"]
[EventDate "2003.09.28"]
[EventType "team-swiss"]
[EventRounds "7"]
[EventCountry "GRE"]
[SourceTitle "CBM 098"]
[Source "ChessBase"]
[SourceDate "2004.02.03"]
[SourceVersion "1"]
[SourceVersionDate "2004.02.03"]
[SourceQuality "1"]
[WhiteTeam "Sarajevo Bosna"]
[BlackTeam "Eynatten"]
[WhiteTeamCountry "BIH"]
[BlackTeamCountry "BEL"]

1. d4 d5 2. c4 dxc4 3. e4 e5 4. Nf3 Bb4+ 5. Nc3 exd4 6. Nxd4 Ne7 7. Bxc4 Nbc6
8. Be3 Nxd4 9. Bxd4 O-O 10. O-O c6 11. a3 Ba5 12. Bc5 Qxd1 13. Raxd1 Re8 14. f4
Ng6 15. b4 Bb6 16. h3 Nf8 17. Bxb6 axb6 18. a4 Be6 19. Bxe6 Rxe6 20. Rd3 f6 21.
Rfd1 Kf7 22. Kf2 Ree8 23. h4 Ke7 24. h5 Red8 25. Ke3 Rxd3+ 26. Rxd3 Rd8 27.
Rxd8 Kxd8 28. Nb1 g6 29. g4 Ne6 30. Nd2 gxh5 31. gxh5 h6 32. Nc4 Ng7 33. Nd6
Kd7 34. Nf7 Nxh5 35. Nxh6 Ng7 36. Ng4 Ke7 37. Kd3 Ne6 38. f5 Nc7 39. Ne3 b5 40.
a5 Na6 41. Kc3 Kd6 42. Ng4 Ke7 43. Nf2 Nb8 $2 {Ergreift nicht die Chance zu
aktivem Gegenspiel.} (43... Kd6 $1 44. Nd3 c5 45. bxc5+ Nxc5 46. Nxc5 Kxc5 47.
Kb3 b4 $11) 44. Kd4 Na6 45. Nd3 Kd6 46. e5+ fxe5+ 47. Ke4 $22 Nc7 (47... c5 48.
Nxc5 Nxb4 (48... Nxc5+ 49. bxc5+ Kxc5 50. Kxe5 $18 {weil f7-f8D mit Schach
erfolgt}) 49. Nxb7+ Ke7 50. Kxe5 (50. Nc5 Nc6 51. a6 b4 52. Kd5 b3 $11) 50...
Na6 51. f6+ Kf8 52. Nd6 b4 53. Kd4 Kg8 54. Kc4 Kf8 55. Ne4 Kf7 56. Kb5 Nc7+ 57.
Kxb4 $18) 48. Nc5 {[%csl Rb7]} Nd5 49. Nxb7+ Kc7 50. Nc5 Nxb4 51. Kxe5 Nd5 52.
f6 Kd8 53. a6 {und einer der beiden Freibauern läuft durch} 1-0

[Event "RUS-ch"]
[Site "Elista"]
[Date "1995.??.??"]
[Round "8"]
[White "Epishin, Vladimir"]
[Black "Kharlov, Andrei"]
[Result "1/2-1/2"]
[WhiteElo "2640"]
[BlackElo "2555"]
[Annotator "Hecht,H"]
[PlyCount "127"]
[EventDate "1995.10.??"]
[EventType "swiss"]
[EventRounds "11"]
[EventCountry "RUS"]
[SourceTitle "CBM 050"]
[Source "ChessBase"]
[SourceDate "1996.02.01"]
[SourceVersion "1"]
[SourceVersionDate "1996.02.01"]
[SourceQuality "1"]

1. d4 d5 2. c4 dxc4 3. e4 Nf6 4. e5 Nd5 5. Bxc4 Nb6 6. Bb3 Bf5 7. Ne2 e6 8.
Nbc3 Nc6 9. a3 f6 10. Bf4 g5 11. Be3 fxe5 12. O-O Be7 13. d5 Na5 14. Bxb6 axb6
15. Ba2 exd5 16. Nxd5 Nc6 17. Qb3 Rf8 18. Rad1 Bd6 19. Qe3 Kd7 20. Rd2 Kc8 21.
Rfd1 Kb8 22. Nxb6 Ra6 23. Nc4 Nd4 24. Nxd4 exd4 25. Rxd4 Re8 26. Qd2 Qf6 27.
Nxd6 Rxd6 28. Rxd6 Qxd6 29. Qxd6 cxd6 30. Kf1 Kc7 31. f3 Kd7 32. Bc4 Rc8 33. b3
Be6 34. Rd4 Bxc4+ 35. Rxc4 {T-T Motive: 1 weißer Mehrbauer; je 1 Freibauer auf
beiden Seiten; starker schwarzer Mittelbauer sichert Balance. Anregung zur
Analyse Zug 47.} Re8 36. h4 h6 37. hxg5 hxg5 38. Re4 Rc8 39. Rg4 Rc5 40. Ke2
Ke6 41. Kd3 b5 42. a4 bxa4 43. bxa4 Kf5 44. Rc4 Ra5 45. Kc3 Ra8 46. Kb3 Ke6 47.
Re4+ (47. Rc2 $5 Kd5 48. Ra2 Kc5 49. a5 Kb5 50. Kc3 Rxa5 (50... Ka6 51. Rd2
Rc8+ 52. Kb4 Rc6 53. Rd5 $18) 51. Rxa5+ Kxa5 52. g4 Kb5 53. f4 Kc5 (53... gxf4
54. g5 f3 55. Kd3 $18) 54. f5 Kd5 55. Kd3 Ke5 56. Kc4 d5+ 57. Kd3 d4 (57... Kd6
$2 58. Kd4 Kc6 59. Ke5 Kc5 60. f6 $18) 58. Kc4 Ke4 59. f6 d3 60. f7 d2 61. f8=Q
d1=Q 62. Qf5+ Ke3 63. Qxg5+ Kf3 64. Qf5+ Kg3 65. g5 Qa4+ $10) 47... Kd7 48. Rc4
Rb8+ 49. Rb4 Ra8 50. Rb7+ Ke6 51. Rb5 g4 52. fxg4 d5 53. g5 d4 54. g6 Rc8 55.
g7 d3 56. Rh5 d2 57. Rh1 Kf7 58. Rd1 Rd8 59. a5 Kxg7 60. Kc3 Ra8 61. Kb4 Rb8+
62. Kc5 Rb2 63. a6 Ra2 64. Kb6 1/2-1/2

[Event "Villa Martelli"]
[Site "Villa Martelli"]
[Date "1998.05.22"]
[Round "4"]
[White "Filgueira, Hernan"]
[Black "Slipak, Sergio"]
[Result "0-1"]
[WhiteElo "2420"]
[BlackElo "2510"]
[Annotator "Hecht,H"]
[PlyCount "82"]
[EventDate "1998.05.??"]
[EventType "tourn"]
[EventRounds "9"]
[EventCountry "ARG"]
[EventCategory "9"]
[SourceTitle "CBM 065"]
[Source "ChessBase"]
[SourceDate "1998.08.06"]
[SourceVersion "1"]
[SourceVersionDate "1998.08.06"]
[SourceQuality "1"]

1. d4 d5 2. c4 dxc4 3. e4 Nc6 4. Be3 Nf6 5. Nc3 e5 6. d5 Na5 7. Bxc4 Nxc4 8.
Qa4+ c6 9. Qxc4 cxd5 10. exd5 Bd6 11. Nge2 O-O 12. O-O Bd7 13. f3 Rc8 14. Qb3
Qa5 15. Ng3 Bb4 16. Bd2 Ba4 17. Qxa4 Qxa4 18. Nxa4 Bxd2 19. Rfd1 Rc2 20. Nf1
Bg5 21. Rab1 b5 22. Nc3 b4 23. Na4 Rd8 24. d6 Ne8 25. Rd5 Nxd6 26. Rxe5 Bf6 27.
Rd5 Nc4 28. Rxd8+ Bxd8 29. Rd1 Bf6 30. b3 Rxa2 31. Nc5 Ra1 32. Rxa1 Bxa1 {
[#] Special features: outside passed pawn on the queenside, strong bishop,
passive white king and stalemated white knight on a2. Technically, an easy win.
[#] Besondere Merkmale: entfernter schwarzer Freibauer am Damenflügel, starker
Läufer, passiver weißer König und pattgesetzter weißer Springer auf a2.
Technisch leichter Gewinn.} 33. Nd3 Bd4+ 34. Kh1 Na5 35. Nxb4 Nxb3 36. Ng3 a5
37. Na2 (37. Nc2 $142 Bb2 38. Ne2 Kf8 (38... a4 39. Nb4 Nd4 40. Nxd4 Bxd4 {
offers only delaying resistance. leistet aber auch nur hinhaltenden Widerstand.
})) 37... f6 38. Ne2 Kf7 39. g3 Ke6 40. Nf4+ Kd6 41. Kg2 Nd2 {[%csl Yf1,Yf2,
Yf3] still locks the king out. sperrt auch noch den König aus.} 0-1

[Event "Capablanca Memorial Elite 30th"]
[Site "Matanzas"]
[Date "1995.??.??"]
[Round "1"]
[White "Borges Matos, Juan R"]
[Black "Cifuentes Parada, Roberto"]
[Result "1/2-1/2"]
[WhiteElo "2400"]
[BlackElo "2535"]
[Annotator "Hecht,H"]
[PlyCount "210"]
[EventDate "1995.05.??"]
[EventType "tourn"]
[EventRounds "13"]
[EventCountry "CUB"]
[EventCategory "11"]
[SourceTitle "CBM 048"]
[Source "ChessBase"]
[SourceDate "1995.10.01"]
[SourceVersion "1"]
[SourceVersionDate "1995.10.01"]
[SourceQuality "1"]

1. d4 d5 2. c4 dxc4 3. e4 c5 4. d5 e6 5. Bxc4 Nf6 6. Nc3 exd5 7. exd5 a6 8. Bf4
b5 9. Qe2+ Qe7 10. d6 Qxe2+ 11. Bxe2 Bb7 12. Bf3 Nc6 13. O-O-O O-O-O 14. Nge2
Na5 15. Ng3 Bxf3 16. gxf3 Nb7 17. Nf5 Nh5 18. Bg5 f6 19. Be3 Nxd6 20. Nxd6+
Rxd6 21. Ne4 Rc6 22. Rd5 g6 23. Rhd1 Be7 24. Nxc5 Bxc5 25. Rxc5 Rxc5+ 26. Bxc5
Rd8 27. Bd4 Rd6 28. Kc2 Nf4 29. Rd2 Kb7 30. Bc3 Rxd2+ 31. Kxd2 {B-N schlechte
weiße P-Struktur (Doppelbauer)} f5 32. Ke3 Ne6 33. f4 Kc6 34. b3 Kd5 35. h3 Nc5
36. f3 Ne6 37. Bd2 Nd4 38. Bc3 Nc6 39. Kd3 Kc5 40. Kd2 Nb4 41. a3 Nc6 42. Kd3
Kd5 43. Bf6 Ke6 44. Bc3 Kf7 45. Be1 Kg7 46. Bc3+ Kh6 47. Bf6 Kh5 48. b4 h6 49.
h4 g5 50. fxg5 hxg5 51. hxg5 Kg6 52. Ke3 Kf7 53. Kf4 Ke6 54. Ke3 Kf7 55. Bc3
Kg6 56. Kf4 Ne7 57. Bd2 Nc6 58. Be3 a5 59. Bc5 axb4 60. axb4 Nd8 61. Bd4 Ne6+
62. Ke5 Nxg5 63. f4 Nf3+ 64. Kd5 Ne1 65. Be5 Nd3 66. Bd6 Kh5 67. Kd4 Nf2 68.
Kc5 Ne4+ 69. Kc6 Kg4 70. Be5 Nf2 71. Kxb5 Nd3 72. Kc4 Nxe5+ 73. fxe5 f4 74. e6
f3 75. Kd3 Kg3 76. e7 f2 77. e8=Q f1=Q+ {Q+P- Q Urteil ENDSPIEL-CD: Remis,
gute schwarze K-Züge typischer Pattscherz am Partieende} 78. Qe2 Qf5+ 79. Qe4
Qb5+ 80. Kc3 Kh2 81. Qc2+ Kh1 82. Qd1+ Kg2 83. Qd2+ Kh1 84. Qd6 Kg2 85. Qc5 Qa4
86. Qg5+ Kh3 87. Qf5+ Kg3 88. Qe5+ Kh3 89. Qe6+ Kg3 90. Qd6+ Kh3 91. Qd3+ Kh4
92. b5 Qa3+ 93. Kc4 Qa4+ 94. Kc5 Qa5 95. Qd4+ Kh3 96. Kc6 Qa3 97. b6 Qf3+ 98.
Kc7 Qg3+ 99. Kd7 Qf3 100. Ke7 Kg2 101. Qb2+ Kh1 102. b7 Qe4+ 103. Kd6 Qg6+ 104.
Kc5 Qf5+ 105. Kb6 Qf2+ $1 $10 (105... Qe6+ $10 {Remisbreite laut ENDSPIEL-CD
nie überschritten!}) 1/2-1/2

[Event "RUS-ch"]
[Site "Elista"]
[Date "1996.??.??"]
[Round "6"]
[White "Notkin, Maksim"]
[Black "Volzhin, Alexander"]
[Result "0-1"]
[WhiteElo "2520"]
[BlackElo "2485"]
[Annotator "Hecht,H"]
[PlyCount "96"]
[EventDate "1996.10.15"]
[EventType "swiss"]
[EventRounds "11"]
[EventCountry "RUS"]
[SourceTitle "CBM 056"]
[Source "ChessBase"]
[SourceDate "1997.02.01"]
[SourceVersion "1"]
[SourceVersionDate "1997.02.01"]
[SourceQuality "1"]

1. d4 d5 2. c4 dxc4 3. e4 e5 4. Nf3 exd4 5. Bxc4 Nc6 6. Qb3 Bb4+ 7. Bd2 Bxd2+
8. Nbxd2 Nh6 9. O-O O-O 10. h3 Qe7 11. Rac1 Rd8 12. Bd5 Ne5 13. Nxe5 Qxe5 14.
Nf3 Qf4 15. g3 Qd6 16. Rfd1 c6 17. Bc4 Qe7 18. Kg2 Qxe4 19. Re1 Qf5 20. g4 Qf4
21. Rcd1 c5 22. Re5 b6 23. Bd5 Be6 24. Rde1 Bxd5 25. Qxd5 g6 26. Qb7 d3 27.
R1e3 Nxg4 28. R3e4 Qxf3+ 29. Kxf3 Nxe5+ 30. Rxe5 d2 31. Rd5 Rab8 32. Qc6 d1=Q+
33. Rxd1 Rxd1 {[#]_|_ konzertierte Aktion der schwarzen RR gegen die weißen PP
einfache Technik (R-Verdoppelung!)} 34. Qc7 Rbd8 35. Qxa7 R8d6 36. a4 Kg7 37.
a5 bxa5 38. Qxc5 R1d5 39. Qc3+ Rf6+ 40. Kg2 Rdf5 41. f3 Rxf3 42. Qxa5 Rf2+ 43.
Kg1 Rxb2 44. Qe5 Rbf2 45. Qd4 h5 46. Qe5 h4 47. Qd4 R2f4 48. Qe5 Kh7 0-1